CHIESA OGGI ARCHITETTURA E COMUNICAZIONE, ANNO 02-N.05 (LUGLIO 1993) (Record n. 111972)

Dettagli MARC
000 -LEADER
fixed length control field 01037nas a2200253Ia 4500
001 - CONTROL NUMBER
control field R223/B8326
003 - CONTROL NUMBER IDENTIFIER
control field IT-RoPAU
008 - FIXED-LENGTH DATA ELEMENTS--GENERAL INFORMATION
fixed length control field 151124c99999999xx |||||||||||| ||und||
040 ## - CATALOGING SOURCE
Original cataloging agency IT-RoPAU
040 ## - CATALOGING SOURCE
Transcribing agency IT-RoPAU
041 ## - LANGUAGE CODE
Language code of text/sound track or separate title ITALIANO
100 ## - MAIN ENTRY--PERSONAL NAME
Personal name Servadio Leonardo
Miscellaneous information Codice Aut. SPICS: 48108
210 ## - ABBREVIATED TITLE
Abbreviated title CHIESA OGGI ARCHITETTURA E COMUNICAZIONE
222 ## - KEY TITLE
Key title Chiesa Oggi Architettura E Comunicazione
245 ## - TITLE STATEMENT
Title CHIESA OGGI ARCHITETTURA E COMUNICAZIONE, ANNO 02-N.05 (LUGLIO 1993)
Remainder of title Architettura E Fede Per Il Grande Progetto di Fine Secolo: 50 Chiese Per Roma 2000
250 ## - EDITION STATEMENT
Edition statement 1a ed.
260 ## - PUBLICATION, DISTRIBUTION, ETC. (IMPRINT)
Place of publication, distribution, etc. MILANO
Name of publisher, distributor, etc. DI BAIO EDITORE
Date of publication, distribution, etc. 1993
300 ## - PHYSICAL DESCRIPTION
Extent 10 p.
362 ## - DATES OF PUBLICATION AND/OR SEQUENTIAL DESIGNATION
Dates of publication and/or sequential designation ANNO 002, N.05 (LUGLIO 1993)
501 ## - WITH NOTE
-- Paulus - SPICS - Società San Paolo EM (non-commercial uses only)
-- Copyright2015
500 ## - GENERAL NOTE
General note Introduzione Agli Atti del Convegno, Tenuto a Roma il 22/23 Aprile: Missione, Architettura e Urbanistica, Reprimento di Fondi, un Grande Incontro.
650 ## - SUBJECT ADDED ENTRY--TOPICAL TERM
Topical term or geographic name as entry element ESTETICA
Form subdivision PUBBLICAZIONE PERIODICA
942 ## - ADDED ENTRY ELEMENTS (KOHA)
Koha item type RIVISTA
Dati di copia
Withdrawn status Lost status Damaged status Not for loan Home library Current library Date acquired Total Checkouts Full call number Date last seen Price effective from Koha item type Public note
    Buone Condizioni Not For Loan SPICS-MEDIATECA SPICS-MEDIATECA 25/11/2015   R223/B8326 25/11/2015 25/11/2015 RIVISTA Progr. Ins: 65486 / Copia rara: NO / date import: 25.11.2015 / By Epidotti, Trombetti, Vaglietti
CREDITS: SOCIETA' SAN PAOLO Via A.Severo, 58 - ROMA (RM) & PERIODICI SAN PAOLO SRL Via Giotto, 36 MILANO & CISF Via Giotto, 36 MILANO & EDIZIONI SAN PAOLO SRL,  Piazza Soncino, 5 CINISELLO BALSAMO (MI) -- ITALY